Memoria que presenta al señor secretario de estado de la interior y policía y al Consejo Administrativo del Distrito de Santo Domingo, su presidente el Señor Don Virgilio Álvarez Pina, relativo a la labores relaizadas durante su el año de 1930 /. (Record no. 31763)
[ view plain ]
| 000 -CABECERA | |
|---|---|
| campo de control de longitud fija | 00733nam a2200145 a 4500 |
| 001 - NÚMERO DE CONTROL | |
| campo de control | 000032272 |
| 005 - FECHA Y HORA DE LA ÚLTIMA TRANSACCIÓN | |
| campo de control | 20200930063557.0 |
| 008 - DATOS DE LONGITUD FIJA--INFORMACIÓN GENERAL | |
| campo de control de longitud fija | 110714s1939 dr r 000 0 spa d |
| 040 ## - FUENTE DE LA CATALOGACIÓN | |
| Centro catalogador/agencia de origen | DO-SdBNP |
| Lengua de catalogación | spa |
| Centro/agencia transcriptor | BNPHU |
| 082 ## - NÚMERO DE LA CLASIFICACIÓN DECIMAL DEWEY | |
| Número de clasificación | xxxx |
| Número de documento/Ítem | R426c |
| 110 1# - ENTRADA PRINCIPAL--NOMBRE DE ENTIDAD CORPORATIVA | |
| Nombre de entidad corporativa o nombre de jurisdicción como elemento de entrada | República Dominicana |
| Unidad subordinada | Consejo Administrativo del Distrito de Santo Domingo |
| 9 (RLIN) | 57540 |
| 245 10 - MENCIÓN DE TÍTULO | |
| Título | Memoria que presenta al señor secretario de estado de la interior y policía y al Consejo Administrativo del Distrito de Santo Domingo, su presidente el Señor Don Virgilio Álvarez Pina, relativo a la labores relaizadas durante su el año de 1930 /. |
| 260 ## - PUBLICACIÓN, DISTRIBUCIÓN, ETC. | |
| Lugar de publicación, distribución, etc. | Santo Domingo : |
| Nombre del editor, distribuidor, etc. | Consejo Administrativo del Distrito de Santo Domingo, |
| Fecha de publicación, distribución, etc. | 1939. |
| 300 ## - DESCRIPCIÓN FÍSICA | |
| Extensión | 481 p. : |
| Otras características físicas | il., retrs. ; |
| Dimensiones | 24 cm. |
| Estado de retiro | Estado de pérdida | Restricciones de uso | No para préstamo | Código de colección | Localización permanente | Ubicación/localización actual | Ubicación en estantería | Fecha de adquisición | Número de inventario | Total de préstamos | Signatura topográfica completa | Código de barras | Fecha visto por última vez | Precio válido a partir de | Tipo de ítem Koha | Nota pública |
|---|---|---|---|---|---|---|---|---|---|---|---|---|---|---|---|---|
| Excluido de préstamo | Raros y valiosos | Patrimonio Dominicano | Patrimonio Dominicano | En catalogación | 14.07.2011 | LF1 | xxxx R426c | 32272-10 | 25.06.2020 | 25.06.2020 | No se presta | Perteneció a la biblioteca personal de Julio Ortega Frier. |
